[Event "Pfalz-ch HT4 86th"]
[Site "Wolfstein"]
[Date "2017.04.15"]
[Round "7"]
[White "Jacobs, Daniel"]
[Black "Schwabe, Tobias"]
[Result "1/2-1/2"]
[WhiteElo "1246"]
[BlackElo "1457"]
[PlyCount "64"]
[EventDate "2017.04.07"]
[EventType "swiss"]
[EventRounds "7"]
[EventCountry "GER"]
[SourceTitle "EXT 2018"]
[Source "ChessBase"]
[SourceDate "2017.10.13"]
[SourceVersion "1"]
[SourceVersionDate "2017.10.13"]
[SourceQuality "1"]

1. e4 c6 2. Nf3 d5 3. exd5 cxd5 4. d3 Bg4 5. Nc3 e6 6. g3 Nf6 7. Bg2 Bb4 8. Bd2 0-0 9. 0-0 Nbd7 10. a3 Bxc3 11. Bxc3 Rc8 12. Qd2 Bxf3 13. Bxf3 Qc7 14. Rac1 Rfe8 15. Bxf6 Nxf6 16. c3 Qd6 17. d4 Re7 18. Rcd1 b5 19. Rfe1 Rce8 20. Bg2 e5 21. dxe5 Rxe5 22. Rxe5 Rxe5 23. Qd4 a6 24. f4 Re2 25. Bxd5 Nxd5 26. Qxd5 Qxd5 27. Rxd5 Kf8 28. Rd6 a5 29. Rd5 Rxb2 30. a4 bxa4 31. Rxa5 Rc2 32. Rxa4 Rxc3 1/2-1/2

[Event "Pfalz-ch HT4 86th"]
[Site "Wolfstein"]
[Date "2017.04.09"]
[Round "3"]
[White "Jacobs, Daniel"]
[Black "Fink, Joachim"]
[Result "1-0"]
[WhiteElo "1246"]
[BlackElo "1485"]
[PlyCount "45"]
[EventDate "2017.04.07"]
[EventType "swiss"]
[EventRounds "7"]
[EventCountry "GER"]
[SourceTitle "EXT 2018"]
[Source "ChessBase"]
[SourceDate "2017.10.13"]
[SourceVersion "1"]
[SourceVersionDate "2017.10.13"]
[SourceQuality "1"]

1. e4 e6 2. Nf3 a6 3. d4 c5 4. Nc3 b5 5. dxc5 Bxc5 6. Bd3 Nc6 7. a3 Nge7 8. Bf4 d6 9. b4 Ba7 10. e5 d5 11. Bg5 Qc7 12. 0-0 Nxe5 13. Bd2 Nxf3+ 14. Qxf3 0-0 15. Rac1 Bb7 16. Ne2 e5 17. Qg3 Rac8 18. c3 Qd7 19. Qh4 e4 20. Bb1 Bb8 21. f3 Ba7+ 22. Kh1 exf3 23. Qxh7# 1-0